Points culminants par continent - Mort subite - Statistiques

Statistiques générales
  • Ce quiz a été pris 143 fois
  • Le résultat moyen est 3 sur 7
Answers on the Grid
Answers color-coded by a green-red scale on the quiz's grid according to % correct below.
Everest
Annapurna
Mont Blanc
Aconcagua
Pic Cristobal Colon
Denali
Kilimandjaro
Broad Peak
Mont Kenya
Elbrouz
Piton des Neiges
Massif Vinson
Mont Erebus
Puncak Jaya
Puy de Sancy
 
Statistiques - réponses
Réponse % Correct
Everest
88%
Kilimandjaro
76%
Elbrouz
47%
Aconcagua
43%
Denali
30%
Massif Vinson
19%
Puncak Jaya
15%
Aucun quiz correspondant
Distribution des résultats
% des personnes avec chaque résultat
Percentile par nombre de réponses
Votre historique - résultats
Vous n’avez pas pris ce quiz